[Event "Titled Tuesday intern op 06th May Early"]
[Site "Chess.com INT"]
[Date "2025.05.06"]
[Round "4"]
[White "Guliev, Gasan"]
[Black "Sheremetev, Vladislav"]
[Result "1/2-1/2"]
[WhiteElo "2123"]
[BlackElo "2160"]
[PlyCount "139"]
[EventDate "2025.05.06"]
[EventType "swiss (blitz)"]
[EventRounds "11"]
[EventCountry "USA"]
[SourceTitle "CB20_2025"]
[SourceDate "2025.05.14"]
[SourceVersion "1"]
[SourceVersionDate "2025.05.14"]
[SourceQuality "1"]

1. d4 Nf6 2. Bg5 e6 3. e4 h6 4. Bxf6 Qxf6 5. Nf3 d6 6. Bb5+ c6 7. Bd3 e5 8. c3 g6 9. 0-0 Bg7 10. Nbd2 0-0 11. h3 Be6 12. dxe5 dxe5 13. Bc4 Nd7 14. Bxe6 Qxe6 15. Qb3 Nc5 16. Qxe6 Nxe6 17. Rfd1 Rfd8 18. Nc4 f6 19. Na5 Nc5 20. Re1 Rd7 21. b4 Nd3 22. Red1 Rad8 23. Rd2 Nf4 24. Rad1 Rxd2 25. Nxd2 Rxd2 26. Rxd2 Bf8 27. Nxb7 Kf7 28. Nd8+ Ke8 29. Nxc6 a6 30. a4 Ne6 31. b5 axb5 32. axb5 Bc5 33. g3 Ng5 34. Rd8+ Kf7 35. Rb8 Ke6 36. b6 Kd7 37. Na5 Nxe4 38. b7 Bxf2+ 39. Kg2 Bb6 40. Rc8 Bc7 41. b8Q Bxb8 42. Rxb8 Nxc3 43. Rg8 g5 44. Rg6 Ke6 45. Rxh6 Kf5 46. Nc6 Nd5 47. Rh7 Ke4 48. Ne7 Ne3+ 49. Kf2 Nd1+ 50. Ke1 Ne3 51. Ng8 f5 52. Nf6+ Kf3 53. h4 gxh4 54. gxh4 e4 55. h5 Ng2+ 56. Kf1 Ne3+ 57. Kg1 f4 58. Re7 Nf5 59. Rxe4 Nh6 60. Ra4 Kg3 61. Ne4+ Kf3 62. Nd2+ Kg4 63. Ra5 Nf7 64. Kf2 Ng5 65. Rxg5+ Kxg5 66. h6 Kxh6 67. Kf3 Kg6 68. Ne4 Kg7 69. Nf2 Kg8 70. Kxf4 1/2-1/2

[Event "Titled Tuesday intern op 06th May Early"]
[Site "Chess.com INT"]
[Date "2025.05.06"]
[Round "5"]
[White "Sheremetev, Vladislav"]
[Black "Beniosev, Daniel"]
[Result "1-0"]
[WhiteElo "2160"]
[BlackElo "2010"]
[PlyCount "65"]
[EventDate "2025.05.06"]
[EventType "swiss (blitz)"]
[EventRounds "11"]
[EventCountry "USA"]
[SourceTitle "CB20_2025"]
[SourceDate "2025.05.14"]
[SourceVersion "1"]
[SourceVersionDate "2025.05.14"]
[SourceQuality "1"]

1. e4 c5 2. Nf3 e6 3. d4 cxd4 4. Nxd4 Nc6 5. Nc3 Qc7 6. a3 a6 7. Be3 Nf6 8. Bd3 Be7 9. 0-0 0-0 10. Kh1 d6 11. f4 Bd7 12. Qf3 Nxd4 13. Bxd4 Bc6 14. Rae1 b5 15. Qg3 Rad8 16. e5 dxe5 17. Bxe5 Qb6 18. f5 Kh8 19. Bc7 Qb7 20. Bxd8 Rxd8 21. fxe6 fxe6 22. Rxe6 b4 23. axb4 Bxb4 24. Qh3 a5 25. Ne2 Bc5 26. Nf4 Kg8 27. Rxf6 gxf6 28. Ne6 Rxd3 29. cxd3 Bb4 30. Qg3+ Kh8 31. Rxf6 Qd7 32. Qb8+ Qe8 33. Qe5 1-0

[Event "Titled Tuesday intern op 06th May Early"]
[Site "Chess.com INT"]
[Date "2025.05.06"]
[Round "9"]
[White "Skliarov, Viktor"]
[Black "Sheremetev, Vladislav"]
[Result "0-1"]
[WhiteElo "2334"]
[BlackElo "2160"]
[PlyCount "122"]
[EventDate "2025.05.06"]
[EventType "swiss (blitz)"]
[EventRounds "11"]
[EventCountry "USA"]
[SourceTitle "CB20_2025"]
[SourceDate "2025.05.14"]
[SourceVersion "1"]
[SourceVersionDate "2025.05.14"]
[SourceQuality "1"]

1. e4 c5 2. Nf3 d6 3. d4 cxd4 4. Qxd4 Nc6 5. Bb5 Bd7 6. Bxc6 Bxc6 7. Nc3 Nf6 8. Bg5 e6 9. 0-0-0 Be7 10. Rhe1 0-0 11. Kb1 Qc7 12. Qd3 Ng4 13. Bxe7 Qxe7 14. Qd2 Rfd8 15. Nd4 Be8 16. f4 a6 17. h3 Nf6 18. g4 b5 19. g5 Nh5 20. f5 b4 21. Nce2 e5 22. Nf3 Bc6 23. Qe3 d5 24. f6 Qe6 25. exd5 Rxd5 26. Nc1 Rxd1 27. Rxd1 Qxh3 28. Qb6 Qxf3 29. Rd8+ Be8 30. Qd6 Rxd8 31. Qxd8 Qc6 32. Nd3 Qh1+ 33. Nc1 Qc6 34. Nd3 Qd7 35. Qb8 e4 36. Nc1 gxf6 37. gxf6 Nxf6 38. Qxb4 h5 39. Qc5 Qd5 40. Qe7 Qe6 41. Qc5 h4 42. Qg5+ Kh7 43. Qxh4+ Kg6 44. Qg3+ Qg4 45. Qe5 Bd7 46. b3 Qf3 47. a4 Bf5 48. Kb2 e3 49. b4 Qe4 50. Qg3+ Ng4 51. b5 Qxc2+ 52. Ka3 Qxc1+ 53. Kb4 Qd2+ 54. Kc5 Qf2 55. Qd6+ f6 56. bxa6 e2+ 57. Kc6 e1Q 58. Kb7 Qee3 59. Qb8 Qb6+ 60. Ka8 Be4+ 61. Qb7 Qa7# 0-1

[Event "Chigorin Memorial 31st"]
[Site "St Petersburg"]
[Date "2024.10.29"]
[Round "4"]
[White "Afanasiev, Nikita"]
[Black "Sheremetev, Vladislav"]
[Result "1/2-1/2"]
[WhiteElo "2533"]
[BlackElo "2151"]
[PlyCount "69"]
[EventDate "2024.10.26"]
[EventType "swiss"]
[EventRounds "9"]
[EventCountry "RUS"]
[SourceTitle "CB45_2024"]
[Source "ChessBase"]
[SourceDate "2024.11.06"]
[SourceVersion "1"]
[SourceVersionDate "2024.11.06"]
[SourceQuality "1"]

1. c4 e5 2. Nc3 Bb4 3. Nd5 Bc5 4. Nf3 c6 5. Nc3 d6 6. e3 Bb4 7. d4 Nd7 8. Qc2 Ngf6 9. a3 Bxc3+ 10. Qxc3 e4 11. Nd2 0-0 12. b4 Qe7 13. a4 Re8 14. b5 c5 15. Nb3 Nf8 16. a5 Ng6 17. Ra2 Bf5 18. Qa1 Rac8 19. Bb2 h5 20. h3 Nh4 21. Bc3 Nd7 22. Qd1 Qg5 23. Rh2 cxd4 24. Qxd4 Ne5 25. Nd2 Be6 26. Ra4 Nf5 27. Qxe4 Ng3 28. Qd4 Qg6 29. Rb4 Nxf1 30. Kxf1 Bxc4+ 31. Kg1 Be2 32. Rh1 Bf3 33. Rh2 Be2 34. Rh1 Bf3 35. Rh2 1/2-1/2

[Event "St Petersburg Korchnoi Memorial op"]
[Site "St Petersburg"]
[Date "2024.08.22"]
[Round "9"]
[White "Kurchenko, Egor"]
[Black "Sheremetev, Vladislav"]
[Result "1/2-1/2"]
[WhiteElo "2258"]
[BlackElo "2103"]
[PlyCount "81"]
[EventDate "2024.08.17"]
[EventType "swiss"]
[EventRounds "9"]
[EventCountry "RUS"]
[SourceTitle "CBM 221 Extra"]
[Source "ChessBase"]
[SourceDate "2024.09.30"]
[SourceVersion "1"]
[SourceVersionDate "2024.09.30"]
[SourceQuality "1"]

1. e4 c5 2. Na3 d6 3. c3 Nf6 4. g3 Nc6 5. Bg2 g6 6. Ne2 Bg7 7. 0-0 0-0 8. d4 cxd4 9. cxd4 Bg4 10. Nc2 Qb6 11. f3 Bd7 12. Kh1 Rfc8 13. Ne3 Qa6 14. Bd2 Qd3 15. Nc2 a5 16. Nf4 Qa6 17. Bc3 b5 18. b3 Ne8 19. Re1 b4 20. Bb2 a4 21. Bf1 Qb7 22. Rb1 axb3 23. axb3 Ra2 24. Nd3 e6 25. d5 exd5 26. exd5 Ne5 27. Ncxb4 Nxd3 28. Nxd3 Qxd5 29. Bxg7 Kxg7 30. Nb4 Qxd1 31. Rexd1 Rf2 32. f4 Bf5 33. Kg1 Rf3 34. Rb2 Rb8 35. Nd3 Nf6 36. b4 Ne4 37. Bg2 Re3 38. Bxe4 Bxe4 39. Nf2 Bf3 40. Rdb1 Rb5 41. Rb3 1/2-1/2

[Event "St Petersburg Korchnoi Memorial op"]
[Site "St Petersburg"]
[Date "2024.08.20"]
[Round "6"]
[White "Sheremetev, Vladislav"]
[Black "Epishin, Vladimir"]
[Result "1/2-1/2"]
[WhiteElo "2103"]
[BlackElo "2435"]
[PlyCount "81"]
[EventDate "2024.08.17"]
[EventType "swiss"]
[EventRounds "9"]
[EventCountry "RUS"]
[SourceTitle "CBM 221 Extra"]
[Source "ChessBase"]
[SourceDate "2024.09.30"]
[SourceVersion "1"]
[SourceVersionDate "2024.09.30"]
[SourceQuality "1"]

1. d4 d5 2. c4 e6 3. Nf3 a6 4. g3 Nf6 5. Bg2 g6 6. 0-0 Bg7 7. Nc3 0-0 8. b3 Nc6 9. Bb2 b6 10. Rc1 Bb7 11. cxd5 exd5 12. e3 Re8 13. a3 Ne7 14. Qc2 Nf5 15. Na4 Re7 16. Ne5 Qe8 17. b4 Ne4 18. Nc3 Nxc3 19. Qxc3 Rc8 20. Nc6 Rd7 21. a4 Ne7 22. Ne5 Rdd8 23. Qb3 c6 24. Rc2 Nf5 25. Bh3 Rc7 26. a5 b5 27. Bxf5 gxf5 28. Rfc1 Bf8 29. Ba3 f6 30. Nd3 Bd6 31. Nc5 Bc8 32. Rc3 Kf8 33. Qc2 h5 34. Nd3 Bd7 35. Nc5 Bc8 36. Nd3 Bd7 37. h4 Qe4 38. Nc5 Bxc5 39. Rxc5 Be8 40. Qxe4 fxe4 41. Kg2 1/2-1/2

[Event "St Petersburg Korchnoi Memorial op"]
[Site "St Petersburg"]
[Date "2024.08.19"]
[Round "5"]
[White "Darmaeva, Nomina"]
[Black "Sheremetev, Vladislav"]
[Result "0-1"]
[WhiteElo "1839"]
[BlackElo "2103"]
[PlyCount "74"]
[EventDate "2024.08.17"]
[EventType "swiss"]
[EventRounds "9"]
[EventCountry "RUS"]
[SourceTitle "EXT 2025"]
[Source "ChessBase"]
[SourceDate "2024.10.14"]
[SourceVersion "1"]
[SourceVersionDate "2024.10.14"]
[SourceQuality "1"]

1. e4 c5 2. Nf3 d6 3. d4 cxd4 4. Nxd4 Nf6 5. Nc3 a6 6. h3 e5 7. Nb3 Be6 8. Be3 Be7 9. Qf3 0-0 10. 0-0-0 a5 11. Na4 Nfd7 12. Kb1 Qc7 13. g4 Rc8 14. Rc1 Nc6 15. Bb5 b6 16. c4 Qb7 17. g5 Nc5 18. Nc3 a4 19. Nd2 Nd3 20. Rcg1 Na5 21. Qe2 Nb4 22. a3 Na6 23. h4 Nc7 24. Bxa4 b5 25. Bxb5 Nxb5 26. cxb5 Rxc3 27. Rc1 Rxc1+ 28. Rxc1 d5 29. Bc5 Rc8 30. Bxe7 Rxc1+ 31. Kxc1 Qxe7 32. exd5 Qc5+ 33. Kb1 Qxd5 34. b6 Nb3 35. f3 Qc5 36. Qd3 Qxb6 37. Ne4 Qg1+ 0-1

[Event "St Petersburg Korchnoi Memorial op"]
[Site "St Petersburg"]
[Date "2024.08.18"]
[Round "3"]
[White "Golubov, Saveliy"]
[Black "Sheremetev, Vladislav"]
[Result "1-0"]
[WhiteElo "2484"]
[BlackElo "2103"]
[PlyCount "89"]
[EventDate "2024.08.17"]
[EventType "swiss"]
[EventRounds "9"]
[EventCountry "RUS"]
[SourceTitle "CBM 221 Extra"]
[Source "ChessBase"]
[SourceDate "2024.09.30"]
[SourceVersion "1"]
[SourceVersionDate "2024.09.30"]
[SourceQuality "1"]

1. e4 c5 2. Nf3 d6 3. d4 cxd4 4. Nxd4 Nf6 5. Nc3 a6 6. Be2 e5 7. Nb3 Be7 8. 0-0 0-0 9. Re1 Be6 10. Bf3 Nbd7 11. a4 Rc8 12. Nd2 Qc7 13. Nf1 Rfd8 14. Ne3 Bf8 15. g4 h6 16. h4 g6 17. Re2 Re8 18. h5 gxh5 19. gxh5 Kh7 20. Nf5 d5 21. Ng3 d4 22. Nd5 Qc6 23. c3 Nxd5 24. exd5 Bxd5 25. Bg4 Bf3 26. Qd3+ e4 27. Bf5+ Kg8 28. Bxe4 Bxe2 29. Qxe2 Qe6 30. Qf3 Ne5 31. Qg2 Qg4 32. f3 Qe6 33. cxd4 Qb6 34. Nf5+ Kh8 35. a5 Qd8 36. Bf4 Nd7 37. Kh1 Qf6 38. Rg1 Bb4 39. Bxh6 Kh7 40. Qg7+ Qxg7 41. Rxg7+ Kh8 42. Rxf7 Bf8 43. Rxd7 Bxh6 44. Nxh6 Re6 45. Rh7# 1-0

[Event "St Petersburg Korchnoi Memorial op"]
[Site "St Petersburg"]
[Date "2024.08.18"]
[Round "4"]
[White "Sheremetev, Vladislav"]
[Black "Volchkova, Alena"]
[Result "1-0"]
[WhiteElo "2103"]
[BlackElo "1913"]
[PlyCount "45"]
[EventDate "2024.08.17"]
[EventType "swiss"]
[EventRounds "9"]
[EventCountry "RUS"]
[SourceTitle "CBM 221 Extra"]
[Source "ChessBase"]
[SourceDate "2024.09.30"]
[SourceVersion "1"]
[SourceVersionDate "2024.09.30"]
[SourceQuality "1"]

1. e4 c5 2. Nf3 d6 3. d4 cxd4 4. Nxd4 Nf6 5. Nc3 g6 6. Be3 Bg7 7. f3 0-0 8. Qd2 Nc6 9. g4 Be6 10. h4 Rc8 11. h5 Qa5 12. hxg6 hxg6 13. Nxc6 Rxc6 14. Bh6 Qe5 15. 0-0-0 Nd7 16. f4 Bxh6 17. Rxh6 Qg7 18. f5 Bc4 19. Bxc4 Rxc4 20. Rdh1 Nf6 21. Nd5 Nxd5 22. Qh2 Qd4 23. Rxg6+ 1-0

[Event "RUS-ch Higher League 74th"]
[Site "Nizhnij Novgorod"]
[Date "2024.07.01"]
[Round "5"]
[White "Sheremetev, Vladislav"]
[Black "Komov, Roman"]
[Result "0-1"]
[WhiteElo "2118"]
[BlackElo "2245"]
[PlyCount "150"]
[EventDate "2024.06.26"]
[EventType "swiss"]
[EventRounds "9"]
[EventCountry "RUS"]
[SourceTitle "EXT 2025"]
[Source "ChessBase"]
[SourceDate "2024.10.14"]
[SourceVersion "1"]
[SourceVersionDate "2024.10.14"]
[SourceQuality "1"]

1. d4 Nf6 2. c4 e6 3. Nf3 Bb4+ 4. Bd2 Qe7 5. g3 Nc6 6. Nc3 0-0 7. Bg2 d6 8. 0-0 Bxc3 9. Bxc3 Ne4 10. Qc2 Nxc3 11. Qxc3 e5 12. d5 Nb8 13. c5 Nd7 14. cxd6 cxd6 15. Qc7 Re8 16. Nd2 Nb6 17. Rfc1 Bg4 18. Qxe7 Rxe7 19. f3 Bd7 20. e4 Ree8 21. Rc7 Rec8 22. Rac1 Rxc7 23. Rxc7 Rb8 24. Nb3 Kf8 25. f4 f6 26. fxe5 fxe5 27. Bf3 Ke8 28. Na5 Rc8 29. Rxb7 Rc1+ 30. Kf2 Rc2+ 31. Ke1 Rxb2 32. Rxa7 Rxa2 33. Be2 Nc8 34. Ra8 Kf7 35. h4 Kf6 36. Kf1 h6 37. Ke1 g5 38. hxg5+ Kxg5 39. Kf1 h5 40. Ke1 h4 41. gxh4+ Kxh4 42. Bc4 Ra4 43. Bd3 Kg3 44. Kd2 Ra3 45. Ke2 Ra2+ 46. Ke3 Ra3 47. Ke2 Bg4+ 48. Kd2 Kf2 49. Bb5 Kg3 50. Ra6 Kf4 51. Nc4 Rb3 52. Ba4 Rb4 53. Na3 Kxe4 54. Kc3 Rb6 55. Ra5 Be2 56. Bc6 Ra6 57. Rxa6 Bxa6 58. Nc2 Nb6 59. Nb4 Bc4 60. Bb7 Kf3 61. Bc6 Kf2 62. Nc2 Bxd5 63. Be8 Bf3 64. Kb4 Nd5+ 65. Ka5 e4 66. Nd4 e3 67. Bb5 Nc3 68. Bd3 e2 69. Bxe2 Nxe2 70. Nb5 d5 71. Kb4 Ke3 72. Kc5 Nf4 73. Na3 Be2 74. Nc2+ Ke4 75. Nb4 Nd3+ 0-1

[Event "RUS-ch Higher League 74th"]
[Site "Nizhnij Novgorod"]
[Date "2024.06.29"]
[Round "4"]
[White "Timoshin, Maxim"]
[Black "Sheremetev, Vladislav"]
[Result "1-0"]
[WhiteElo "2312"]
[BlackElo "2118"]
[PlyCount "124"]
[EventDate "2024.06.26"]
[EventType "swiss"]
[EventRounds "9"]
[EventCountry "RUS"]
[SourceTitle "EXT 2025"]
[Source "ChessBase"]
[SourceDate "2024.10.14"]
[SourceVersion "1"]
[SourceVersionDate "2024.10.14"]
[SourceQuality "1"]

1. d4 Nf6 2. c4 e6 3. Nf3 Bb4+ 4. Nbd2 b6 5. a3 Bxd2+ 6. Qxd2 Bb7 7. e3 0-0 8. Be2 d6 9. 0-0 Nbd7 10. b4 Ne4 11. Qc2 f5 12. Bb2 Rf6 13. d5 Rg6 14. dxe6 Rxe6 15. Rfe1 Rg6 16. Bf1 c5 17. Rad1 Qe7 18. Rd3 Nf8 19. Red1 Re8 20. Qe2 Qe6 21. Rb3 Qc8 22. b5 f4 23. Re1 Qa8 24. Qc2 Nd2 25. Qxd2 Bxf3 26. exf4 Rxe1 27. Qxe1 Bxg2 28. Rg3 Bxf1 29. Qxf1 Qe4 30. Qd1 Qxf4 31. Qd5+ Qf7 32. Rxg6 hxg6 33. Qxd6 Qxc4 34. Qe7 Qg4+ 35. Kf1 Qd1+ 36. Kg2 Qg4+ 37. Kf1 Qd1+ 38. Kg2 Qd7 39. Qe5 Ne6 40. a4 Kf7 41. h4 Kg8 42. Qe4 g5 43. hxg5 Nxg5 44. Qc4+ Ne6 45. Be5 Qf7 46. f4 Qf5 47. Bb8 Kh7 48. Kg3 Nd4 49. Bxa7 Qg6+ 50. Kf2 Qe4 51. Bb8 Qf3+ 52. Ke1 Qe3+ 53. Kf1 Qf3+ 54. Ke1 Qe3+ 55. Kf1 Qh3+ 56. Kf2 Nf5 57. Qe4 Qg3+ 58. Ke2 Qd3+ 59. Kxd3 g6 60. Be5 Kh6 61. a5 bxa5 62. b6 a4 1-0

[Event "Chigorin Memorial 30th"]
[Site "St Petersburg"]
[Date "2023.10.23"]
[Round "3"]
[White "Sheremetev, Vladislav"]
[Black "Vinogradov, Artem Pav"]
[Result "1-0"]
[WhiteElo "1887"]
[BlackElo "1409"]
[PlyCount "57"]
[EventDate "2023.10.21"]
[EventType "swiss"]
[EventRounds "9"]
[EventCountry "RUS"]
[SourceTitle "CBM 216 Extra"]
[Source "ChessBase"]
[SourceDate "2023.11.30"]
[SourceVersion "1"]
[SourceVersionDate "2023.11.30"]
[SourceQuality "1"]

1. d4 d5 2. c4 c6 3. Nf3 Nf6 4. Nc3 dxc4 5. a4 Bf5 6. e3 e6 7. Bxc4 Bb4 8. 0-0 0-0 9. Qb3 a5 10. Na2 Na6 11. Bxa6 Rxa6 12. Nxb4 Qb6 13. Bd2 Nd5 14. Ne5 Rd8 15. Nc4 Qa7 16. Nxa6 Qxa6 17. Nxa5 Nb6 18. Rfc1 e5 19. Nxb7 Qxb7 20. a5 exd4 21. Qxb6 Qe7 22. a6 dxe3 23. Qxe3 Be6 24. a7 Qb7 25. Bc3 Ra8 26. Qe5 Kf8 27. Qxg7+ Ke8 28. Re1 Rxa7 29. Rxa7 1-0

[Event "Cheliabinsk Lozovatsky Memorial-A"]
[Site "Cheliabinsk"]
[Date "2023.02.05"]
[Round "10"]
[White "Bazyrtsyrenov, Kirill"]
[Black "Sheremetev, Vladislav"]
[Result "1/2-1/2"]
[WhiteElo "2278"]
[BlackElo "1983"]
[PlyCount "115"]
[EventDate "2023.01.27"]
[EventType "swiss"]
[EventRounds "10"]
[EventCountry "RUS"]
[SourceTitle "CBM 212 Extra"]
[Source "ChessBase"]
[SourceDate "2023.03.31"]
[SourceVersion "1"]
[SourceVersionDate "2023.03.31"]
[SourceQuality "1"]

1. e4 c5 2. Nf3 e6 3. d4 cxd4 4. Nxd4 a6 5. Nc3 Qc7 6. Bd3 Nc6 7. Be3 Nf6 8. 0-0 Nxd4 9. Bxd4 Bc5 10. Be2 e5 11. Bxc5 Qxc5 12. Qd3 b5 13. a3 Bb7 14. Rad1 0-0 15. g4 Bc6 16. g5 Ne8 17. Nd5 Rd8 18. b4 Qd6 19. Qg3 Bxd5 20. Rxd5 Qc6 21. Qxe5 d6 22. Qg3 Nc7 23. Rd2 Qxe4 24. Bf3 Qf5 25. Rfd1 Ne6 26. h4 Rc8 27. Bg4 Qe5 28. Rxd6 Qe4 29. Qf3 Qe5 30. Qe3 Qxe3 31. fxe3 Rc4 32. Bxe6 fxe6 33. Rxe6 Rg4+ 34. Kh2 Rf2+ 35. Kh3 Rfg2 36. h5 R4g3+ 37. Kh4 Rg4+ 38. Kh3 R4g3+ 39. Kh4 Rxg5 40. Rd2 Rg1 41. Rd1 R1g3 42. Re4 h6 43. Rd5 Rg1 44. Rxg5 hxg5+ 45. Kh3 Ra1 46. Kg4 Rxa3 47. Kxg5 Rc3 48. Re6 Rxc2 49. Rxa6 Rc4 50. Ra8+ Kf7 51. Ra7+ Kg8 52. Kf5 Rxb4 53. e4 Rb1 54. e5 b4 55. e6 Kf8 56. Ra8+ Ke7 57. Ra7+ Kf8 58. Ra8+ 1/2-1/2

[Event "Cheliabinsk Panchenko Memorial op-A"]
[Site "Cheliabinsk"]
[Date "2022.09.14"]
[Round "3"]
[White "Sheremetev, Vladislav"]
[Black "Askarov, Bakhtiyar"]
[Result "1/2-1/2"]
[WhiteElo "2010"]
[BlackElo "2325"]
[PlyCount "168"]
[EventDate "2022.09.12"]
[EventType "swiss"]
[EventRounds "10"]
[EventCountry "RUS"]
[SourceTitle "CBM 210 Extra"]
[Source "ChessBase"]
[SourceDate "2022.11.30"]
[SourceVersion "1"]
[SourceVersionDate "2022.11.30"]
[SourceQuality "1"]

1. d4 d5 2. c4 e6 3. Nf3 Nf6 4. g3 Bb4+ 5. Nbd2 0-0 6. Bg2 dxc4 7. Qc2 c5 8. dxc5 c3 9. bxc3 Bxc5 10. 0-0 Bd7 11. Ne5 Nc6 12. Ndc4 Nxe5 13. Nxe5 Qc7 14. Bf4 Nh5 15. Ng6 Nxf4 16. Nxf8 Nxe2+ 17. Qxe2 Rxf8 18. Qe4 Bc8 19. Rfd1 Qa5 20. Qc2 b6 21. Rd2 Be7 22. Rad1 g6 23. h4 h5 24. Be4 Kg7 25. c4 Bf6 26. Qb3 Qe5 27. Bc6 Qc7 28. Qf3 Qe7 29. Kg2 Qc5 30. Bb7 Qxc4 31. Bxc8 Qxc8 32. Rd7 a5 33. Qb7 Qc4 34. R1d2 Qb4 35. Rc2 Be5 36. Qf3 Qb5 37. Rb7 Bd4 38. Qe4 Bc5 39. Qxe6 Kg8 40. Qd5 Qe8 41. Qf3 Qe6 42. Re2 Qc4 43. Rd2 a4 44. Kh2 a3 45. Qf6 Qe4 46. Rdd7 Qf5 47. Qxf5 gxf5 48. Kg2 Kg7 49. Rbc7 Kf6 50. Rc6+ Kg7 51. Kf3 Re8 52. Rcc7 Re1 53. Rxf7+ Kg6 54. Rfd7 Re6 55. Rg7+ Kf6 56. Rcf7+ Ke5 57. Rg5 Kd4 58. Rfxf5 Kc4 59. Rxh5 Rd6 60. Re5 Rd3+ 61. Ke2 Rd8 62. Rhf5 Bd4 63. Re4 b5 64. Kd2 b4 65. Rff4 b3 66. axb3+ Kxb3 67. Rxd4 Rxd4+ 68. Rxd4 a2 69. Rd3+ Kb4 70. Re3 a1Q 71. Ke2 Qh1 72. f4 Qg2+ 73. Kd3 Qh2 74. Ke4 Kc4 75. Kf3 Kd4 76. Re4+ Kd3 77. Re5 Qh3 78. Rd5+ Kc4 79. Re5 Kd4 80. h5 Kd3 81. Rd5+ Kc4 82. Re5 Kd4 83. Re4+ Kd3 84. Re5 Kd4 1/2-1/2

[Event "Chigorin Memorial 28th"]
[Site "St Petersburg"]
[Date "2021.10.30"]
[Round "8"]
[White "Sheremetev, Vladislav"]
[Black "Ivanov, Sergei V"]
[Result "0-1"]
[WhiteElo "1864"]
[BlackElo "2088"]
[PlyCount "76"]
[EventDate "2021.10.23"]
[EventType "swiss"]
[EventRounds "9"]
[EventCountry "RUS"]
[SourceTitle "EXT 2023"]
[Source "ChessBase"]
[SourceDate "2022.10.05"]
[SourceVersion "1"]
[SourceVersionDate "2022.10.05"]
[SourceQuality "1"]

1. d4 Nf6 2. c4 e6 3. Nf3 a6 4. g3 b5 5. Nbd2 Bb7 6. Bg2 Be7 7. 0-0 0-0 8. b3 c5 9. Bb2 cxd4 10. Nxd4 Bxg2 11. Kxg2 Qc8 12. Rc1 Qb7+ 13. N2f3 Rd8 14. e3 Ne4 15. Qe2 Nc6 16. Rfd1 Rac8 17. h4 Bf6 18. Nxc6 Rxc6 19. Nd4 Bxd4 20. Rxd4 Nf6 21. Qf3 Qc7 22. h5 e5 23. Rh4 h6 24. Qf5 d6 25. Rd1 bxc4 26. Rxc4 Rxc4 27. bxc4 Qb7+ 28. Kh2 Qxb2 29. c5 d5 30. c6 Qc3 31. g4 Qxc6 32. Rg1 Qe6 33. Qf3 Kh7 34. Qg3 d4 35. exd4 exd4 36. f4 d3 37. g5 hxg5 38. fxg5 Qd6 0-1

[Event "Chigorin Memorial 28th"]
[Site "St Petersburg"]
[Date "2021.10.25"]
[Round "3"]
[White "Strybuk, Artsiom I"]
[Black "Sheremetev, Vladislav"]
[Result "1-0"]
[WhiteElo "2231"]
[BlackElo "1864"]
[PlyCount "109"]
[EventDate "2021.10.23"]
[EventType "swiss"]
[EventRounds "9"]
[EventCountry "RUS"]
[SourceTitle "EXT 2023"]
[Source "ChessBase"]
[SourceDate "2022.10.05"]
[SourceVersion "1"]
[SourceVersionDate "2022.10.05"]
[SourceQuality "1"]

1. Nf3 d5 2. g3 Nf6 3. Bg2 Bf5 4. d3 e6 5. 0-0 Be7 6. Nc3 h6 7. Nd2 0-0 8. e4 Bh7 9. e5 Nfd7 10. f4 c5 11. Nf3 Nc6 12. Kh1 Rb8 13. g4 b5 14. Ne2 c4 15. d4 f6 16. Ng3 fxe5 17. fxe5 Be4 18. Be3 Bxf3 19. Rxf3 Bg5 20. Bg1 Qe7 21. Qe2 Rxf3 22. Bxf3 Nb6 23. Bg2 a5 24. c3 b4 25. Qc2 a4 26. b3 axb3 27. axb3 cxb3 28. Qxb3 Nc4 29. cxb4 Qxb4 30. Qd3 Qe7 31. Nf5 Qd7 32. h4 Bd8 33. Nxh6+ gxh6 34. Qg6+ Qg7 35. Qxe6+ Kh8 36. Qe8+ Kh7 37. Qxc6 Bxh4 38. Qxd5 Nd2 39. e6 Be7 40. Qf5+ Kh8 41. Bh2 Rf8 42. Be5 Rxf5 43. Bxg7+ Kxg7 44. gxf5 Kf6 45. Bd5 Bb4 46. Rd1 h5 47. Kg2 Ke7 48. Kf2 Kd6 49. Rxd2 Bxd2 50. f6 Bg5 51. e7 Bxf6 52. e8Q Bxd4+ 53. Kf3 Kxd5 54. Qxh5+ Be5 55. Qf5 1-0